Logo Biblioteca

De la tierra a la luna / (Registro nro. 959)

Detalles MARC
000 -LEADER
fixed length control field 01305nam a22002657a 4500
003 - CONTROL NUMBER IDENTIFIER
control field AR-RoUNCS
005 - DATE AND TIME OF LATEST TRANSACTION
control field 20260310120313.0
007 - PHYSICAL DESCRIPTION FIXED FIELD--GENERAL INFORMATION
fixed length control field ta
008 - FIXED-LENGTH DATA ELEMENTS--GENERAL INFORMATION
fixed length control field 050502s1987 ag |||||||||||||| f|spa
015 ## - NATIONAL BIBLIOGRAPHY NUMBER
National bibliography number AR-1987
040 ## - CATALOGING SOURCE
Original cataloging agency AR-BaBN
Language of cataloging spa
Transcribing agency AR-RoUNCS
Description conventions aacr
041 1# - LANGUAGE CODE
Language code of text/sound track or separate title spa
Language code of original fre
044 ## - COUNTRY OF PUBLISHING/PRODUCING ENTITY CODE
MARC country code ag
ISO country code ar-c
080 0# - UNIVERSAL DECIMAL CLASSIFICATION NUMBER
Universal Decimal Classification number 82-311.3(44)
Edition identifier 2016
100 1# - MAIN ENTRY--PERSONAL NAME
Personal name Verne, Jules,
Dates associated with a name 1828-1905
Relator term autor
Relationship aut
245 10 - TITLE STATEMENT
Title De la tierra a la luna /
Statement of responsibility, etc. Julio Verne.
250 ## - EDITION STATEMENT
Edition statement 7a ed.
260 ## - PUBLICATION, DISTRIBUTION, ETC.
Place of publication, distribution, etc. Santiago de Chile :
Name of publisher, distributor, etc. Publicidad y Ediciones,
Date of publication, distribution, etc. 1987.
300 ## - PHYSICAL DESCRIPTION
Extent 126 p. ;
Dimensions 21 cm.
490 0# - SERIES STATEMENT
Series statement Obras Completas Julio Verne ;
Volume/sequential designation 9
520 3# - SUMMARY, ETC.
Summary, etc. Estamos en 1865. El primero de diciembre, a las once menos trece minutos, ni un segundo antes ni después, debe ser lanzado aquel inmenso proyectil...<br/>En su interior viajarán tres originales y pintorescos personajes, los tres primeros hombres que se dirigen a la Luna. Es un proyecto fabuloso que ha despertado el interés del mundo entero. Pero no es tarea fácil tener todo listo para esa fecha... Sin embargo, si esto no se logra, habrá que esperar dieciocho años y once días para que la Luna esté en las mismas condiciones de cercanía de la Tierra.
650 #7 - SUBJECT ADDED ENTRY--TOPICAL TERM
Topical term or geographic name entry element Literatura franscesa
Source of heading or term embne
655 #7 - INDEX TERM--GENRE/FORM
Genre/form data or focus term Novelas de ciencia ficción
Source of term embne
942 ## - ADDED ENTRY ELEMENTS (KOHA)
Source of classification or shelving scheme Universal Decimal Classification
Koha item type Obra General
Suppress in OPAC No
Existencias
Withdrawn status Lost status Source of classification or shelving scheme Damaged status Not for loan Collection Home library Current library Date acquired Source of acquisition Total checkouts Full call number Barcode Date last seen Price effective from Koha item type
    Universal Decimal Classification     Colección General Biblioteca Escuela de Ciencias Sociales Biblioteca Escuela de Ciencias Sociales 10/03/2026 Donación 2023   82-311.3844) V531 000475 10/03/2026 10/03/2026 Obra General
Biblioteca de la Escuela Preuniversitaria en Ciencias Sociales y Humanísticas.
Riobamba 250 bis.
CP 2000 - Rosario - Santa Fe
E-Mail: biblioteca@esociales.unr.edu.ar